000 00950na a2200265 4500
001 17097
003 MIRAKIL
005 20181213154747.0
008 161022b tu 000 0
040 _aMilas
_btur
_cTR-AnCHP
041 _atur
082 _a345.02330263
_bG95c 1991
090 _a345.02330263 G95c 1991
100 _aGündel, Ahmet
245 _aCeza mahkemelerince yargılanacak vergi suçları ve cezaları
_cAhmet Gündel
246 _aVergi suçları ve cezaları
250 _a2. bs.
260 _aAnkara
_b[yayl.y.]
_c1991
300 _a421 s.
_c24 sm.
500 _aFatura, yazar kasa fişi, sevk irsaliyesi...düzenlememek sahte (naylon) fatura düzenlemek süresinde yazar kasa almamak ve benzeri fiiller
650 _aVergi suçları
_xKanunlar ve yönetmelikler
_zTürkiye
650 _aVergi hukuku
_xSuçlar ve cezalar
_zTürkiye
650 _aVergi hukuku
_xKanunlar ve yönetmelikler
_zTürkiye
942 _2ddc
_cBKS
999 _c374
_d374